Countries with the highest murder rate - Statistics

General Stats
  • This quiz has been taken 42 times
  • The average score is 6 of 15
Answer Stats
Hint Answer % Correct
56.33 Venezuela
74%
56.52 Honduras
59%
29.53 Brazil
54%
82.84 El Salvador
51%
27.26 Guatemala
51%
33.97 South Africa
44%
25.50 Colombia
41%
37.60 Belize
38%
47.01 Jamaica
28%
34.23 Saint Kitts
26%
30.88 Trinidad
26%
28.40 Bahamas
23%
41.25 Lesotho
23%
36.46 Saint Vincent
23%
19.76 Central African Republic
5%
No matching quizzes found
Score Distribution
Percent of People with Each Score
Percentile by Number Answered
Your Score History
You have not taken this quiz